Statistiques concernant They Shoot Pictures, Don't They? - films 341 à 360

Cliquez ici pour prendre le quiz!

Statistiques générales

  • Ce quiz a été pris 29 fois
  • Le résultat moyen est 5 sur 20

Statistiques - réponses

Réponse% Correct
Amadeus
90%
West Side Story
67%
Un après-midi de chien
62%
La Nuit des morts-vivants
48%
Yojimbo
43%
Macadam Cowboy
38%
Entre le ciel et l'enfer
29%
La Double Vie de Véronique
29%
Weekend
29%
Pas de printemps pour Marnie
24%
Out 1, noli me tangere
19%
À l'ouest des rails
10%
En quatrième vitesse
10%
Muriel, ou le Temps d'un retour
10%
A Touch of Zen
5%
La Dernière Séance
5%
Le Songe de la lumière
5%
Comme un torrent
0%
Écrit sur du vent
0%
L'Étoile Cachée
0%

Distribution des résultats

Percentile par nombre de réponses

% des personnes avec chaque résultat

Votre développement - résultats

Vous n’avez pas pris ce quiz